|
|
|
|
| LEADER |
00000nam a22000007a 4500 |
| 005 |
20160224110450.0 |
| 007 |
cr|||| ||u| |
| 008 |
160224s2013 bl ||||| |||| 00||0 por d |
| 020 |
|
|
|a 978-85-8183-002-5
|
| 035 |
|
|
|a 13108
|
| 040 |
|
|
|a vLex
|
| 090 |
|
|
|c 5919
|d 5919
|
| 100 |
1 |
|
|a Lima e Silva, Adailson
|
| 245 |
1 |
0 |
|a A nova aȯ̂ declaratr̤ia e a nova questô prejudicial
|h [Recurso electrn̤ico] /
|c Adailson Lima e Silva
|
| 256 |
|
|
|a Servicio en ln̕ea
|
| 260 |
|
|
|a Brasil
|b Pillares
|c 2013
|
| 300 |
|
|
|a 1 recurso electrn̤ico
|
| 506 |
1 |
|
|a Contenido solo disponible en los productos indicados
|d vLex Global
|d vLex Global (Academic Edition, excluding Law Schools)
|d vLex Global (U.S. Academic Edition, Law Schools)
|d vLex Global (U.S. Academic Edition, excluding Law Schools)
|d vLex Global (Academic Edition, Law Schools)
|
| 650 |
0 |
|
|a Derecho
|z Brasil
|
| 740 |
0 |
|
|a vLex (libros servicio en ln̕ea)
|
| 856 |
4 |
0 |
|u http://vlex.com/source/nova-a-o-declaratoria-e-a-nova-quest-o-prejudicial-13108
|z Acceso restringido
|
| 942 |
|
|
|c BOOK
|
| 999 |
0 |
|
|a Law
|